000 00672nam a2200205Ia 4500
003 GCL
008 140319s9999 xx 000 0 ara d
040 _aGCL /
_cGCL
082 0 4 _aط
_b210.3
_bم م
100 1 _aمحمد حسن ابودنيا
245 1 0 _aموسوعة المعارف الاسلامية للاطفال والناشئة /
_cمحمد حسن ابودنيا
700 1 _aهانى محمد
300 _aمتعدد
490 _aالهيئة العامة للاستعلامات
_v0
650 0 4 _aدوائر المعارف
650 0 4 _aالاطفال
650 0 4 _aالقران
650 0 4 _aالاسلام - دوائر معارف
942 _2ddc
_cBK
999 _c49632
_d49632